书目信息 |
| 题名: |
西藏纪事
|
|
| 作者: | 尹锐 著 | |
| 分册: | ||
| 出版信息: | 拉萨 西藏人民出版社 2001.04 |
|
| 页数: | 341页 | |
| 开本: | 20cm | |
| 丛书名: | ||
| 单 册: | ||
| 中图分类: | I253 | |
| 科图分类: | ||
| 主题词: | 新闻--作品--选集--中国--现代 | |
| 电子资源: | ||
| ISBN: | 7-223-01281-1 | |
| 000 | 00801nam0 2200229 450 | |
| 001 | 010254581406 | |
| 005 | 20051007180313.20 | |
| 010 | @a7-223-01281-1@dCNY17.50 | |
| 100 | @a20051006d2001 km y0chiy0120 ea | |
| 101 | 0 | @achi |
| 102 | @aCN@b540000 | |
| 105 | @ay z 000yy | |
| 200 | 1 | @a西藏纪事@Axi zang ji shi@e一个西藏老记者的自选集@f尹锐著@Fyin rui zhu |
| 210 | @a拉萨@c西藏人民出版社@d2001.04 | |
| 215 | @a341页@d20cm | |
| 330 | @a本书收录了“昌都战役中的骑兵侦察连”、“唐古拉山中的温泉运输站”、“军民友谊花开横断山”、“德吉路粮店”等60余篇新闻作品。 | |
| 517 | 1 | @a一个西藏老记者的自选集@Ayi ge xi zang lao ji zhe de zi xuan ji |
| 606 | 0 | @a新闻@x作品@x选集@y中国@z现代 |
| 690 | @aI253@v4 | |
| 701 | 0 | @a尹锐@Ayin rui@4著 |
| 801 | 0 | @aCN@bQSSK@c20051007 |
| 905 | @a10447@dI253@eY600 | |
| 西藏纪事:一个西藏老记者的自选集/尹锐著.-拉萨:西藏人民出版社,2001.04 |
| 341页;20cm |
| ISBN 7-223-01281-1:CNY17.50 |
| 本书收录了“昌都战役中的骑兵侦察连”、“唐古拉山中的温泉运输站”、“军民友谊花开横断山”、“德吉路粮店”等60余篇新闻作品。 |
| ● |
| 相关链接 |
|
|
|
正题名:西藏纪事
索取号:I253/Y600
 
预约/预借
| 序号 | 登录号 | 条形码 | 馆藏地/架位号 | 状态 | 备注 |
| 1 | 573671 | 205736710 | 文学库108/108文学库 67排5列4层/ [索取号:I253/Y600] | 在馆 | |
| 2 | 573672 | 205736729 | 文学库108/108文学库 67排5列4层/ [索取号:I253/Y600] | 在馆 | |
| 3 | 573673 | 205736738 | 文学库108/108文学库 67排5列4层/ [索取号:I253/Y600] | 在馆 |